000 00457nam a2200157 i 4500
001 100496
003 ES-MaACL
005 20230906182703.0
007 t|
008 050928s19001999fr ||||1| fre d
100 1 _aMassart, Jean.
_978798
245 1 3 _aLa prense clandestine dans la Belgique ocuppée... /
_cJean Massart.
260 _aParis :
_bBerger-Levrault et Cie.,
_c1917.
300 _aXI, 318 p. ;
_c25 cm.
852 _aES-MaACL
_jD-8583
_bR.33183
999 _c100496
_d100496